000 00786nam a22002295i 4500
001 172622
003 ES-MaACL
005 20250813014535.0
007 t|
008 090730s1962 fr ||||1| fre d
080 _a821.133.1-31"17"
100 1 _aDiderot, Denis,
_d1713-1784
_944511
245 1 3 _aLe Neveu de Rameau
_b; suivi de La Religieuse /
_cpar Diderot ; préface de Michel Hérubel.
260 _aParis :
_bUnion générale d'éditions,
_c1962.
300 _a315 p. ;
_c18 cm.
490 1 _aLe Monde en 10-18 ;
_v62-63
700 1 _aHérubel, Michel.
_9141127
740 3 2 _aLa Religieuse.
830 0 _aLe Monde en 10-18 ;
_v62-63
_9187189
852 4 _aES-MaACL
_jE-12909
_9R.139285
_z. - Biblioteca Jacinto Martínez Lacalle
999 _c172622
_d172622